Skip to content
VuFind
Login
All Fields
Title
Author
Subject
Call Number
ISBN/ISSN
Tag
Find
Advanced
கொள்கை வீரர்கள் ஜியார்டானொ புர...
Cite this
Text this
Email this
Print
Export Record
Export to RefWorks
Export to EndNoteWeb
Export to EndNote
Export to MARC
Export to BibTeX
Export to RIS
Save to List
Permanent link
கொள்கை வீரர்கள் ஜியார்டானொ புரூனோ கலீலியோ டைகோ பிராகி/
Saved in:
Bibliographic Details
Main Author:
சிவகுமார்,செல்வி
Format:
Book
Language:
English
Tamil
Published:
சென்னை:
Coral,
2019.
Subjects:
புவியியல் வாழ்க்கை வரலாறு விஞ்ஞானி
Tags:
Add Tag
No Tags, Be the first to tag this record!
Holdings
Description
Comments
Similar Items
Staff View
MARC
LEADER
00000nam a22000007a 4500
005
20260331123600.0
008
260331b |||||||| |||| 00| 0 eng d
020
|a
9789390107162
041
|a
tam
082
|a
925.2
|b
சிவகு
100
|a
சிவகுமார்,செல்வி
|9
116830
245
|a
கொள்கை வீரர்கள் ஜியார்டானொ புரூனோ கலீலியோ டைகோ பிராகி/
|c
செல்வி சிவகுமார்
260
|a
சென்னை:
|b
Coral,
|c
2019.
300
|a
87பக்
|c
21.5cm
500
|a
Purchase
650
|a
புவியியல் வாழ்க்கை வரலாறு விஞ்ஞானி
|9
116831
942
|c
REF
999
|c
70891
|d
70891
Similar Items
இந்திய கிரிக்கெட் வீரர்கள் /
by: எத்திராஜ் . நா
Published: (1992)
பார் புகழும் விளையாட்டு வீரர்கள் /
by: எத்திராஜ் . நா
Published: (1990)
புகழ்பெற்ற இந்திய விளையாட்டு வீரர்கள் /
by: எத்திராஜ் . நா
Published: (1991)
வரலாற்றில் ஒரு வசந்தம் : மஜீத் ஹாஜியார் வாழ்வும் பணிவும் /
by: அப்துல் கபூர், ஏ.எல்
Published: (2017)
தோழர் விசுவானந்ததேவன் நினைவு நூல் : 1952 - 1986 .
Published: (2016)